TOEFL; T1: Test preparation kit (Workbook) Chương trình luyện thi Toefl mới

Enregistré dans:
Détails bibliographiques
Format: Livre
Langue:Undetermined
Publié: Tp. HCM Trẻ 1999
Sujets:
Tags: Ajouter un tag
Pas de tags, Soyez le premier à ajouter un tag!
Thư viện lưu trữ: Trung tâm Học liệu Trường Đại học Cần Thơ
LEADER 00589nam a2200157Ia 4500
001 CTU_34322
008 210402s9999 xx 000 0 und d
082 |a 428.0076 
082 |b T342/T.1 
245 0 |a TOEFL; T1: Test preparation kit (Workbook) 
245 0 |b Chương trình luyện thi Toefl mới 
260 |a Tp. HCM 
260 |b Trẻ 
260 |c 1999 
650 |a english language - examinations - study guides,english language - textbooks for foreign speakers,test of english as a foreign language - study guides 
980 |a Trung tâm Học liệu Trường Đại học Cần Thơ